Štúrovský básnik

Bibliographic Details
Main Author: Kutlík, F. (Author)
Format: Article
Language:Slovak
Subjects:

MARC

LEADER 00000nab a2200000 a 4500
001 vtls000124229
003 SK-MaSNL
005 20260303032638.0
008 160215c1982 xo 0 slo
015 |a SNBRB19rr/mm-uuuuu 
035 |a CL0134334 
040 |a SNKBUCL  |b slo  |c SNKBUCL  |e AACR2 
041 0 |a slo 
044 |a xo  |c SK 
080 |a 82(091):885.4"18"  |2 1981 
080 |a 885.4"18"  |2 1981 
080 |a 885.4(091)"18"  |2 1981 
080 |a 82  |2 1981 
080 |a 885.4  |2 1981 
080 |a 929 Kalinčiak, Ján  |2 1981 
100 1 |a Kutlík, F.  |4 aut  |9 920971 
245 1 0 |a Štúrovský básnik  |c F. Kutlík 
500 |a V rubrike Pripomíname si. 
600 1 7 |a Kalinčiak, Ján,  |d 1822-1871  |2 snkbucl  |9 103729 
655 7 |a články z novín a časopisov  |2 snkbucl  |9 267496 
655 7 |a články z odboru literárna veda a krásna literatúra  |2 snkbucl  |9 770045 
773 0 |t Ľud  |g Roč. 35, č. 188 (10. 8. 1982), s. 5 
850 |a Slovenská národná knižnica v Martine  |a MTA001 
852 |a SNK  |b KIS3GCP 
958 |a BX 
958 |a RK 
958 |a LX 
992 |a RBX 
999 |c 1665813  |d 1667743